000 00495nam a2200181Ia 4500
999 _c32038
_d32038
003 OSt
005 20200728093534.0
008 190216s9999||||xx |||||||||||||| ||und||
020 _a9788189093013
040 _coclc
082 _a510
_bKAP/L
100 _aKapoor, S K
_93793
245 0 _aLearn And Teach Vedic Mathematics /
_cS K Kapoor
260 _bLotus,
_aNew Delhi:
_c2005.
300 _a308p
650 _aMathematics
942 _cBK
_2ddc
_h510
_iKAP/L
_k510
_mKAP/L